La crisis moral, social y económica del mundo (Record no. 143128)
[ view plain ]
| 000 -LEADER | |
|---|---|
| campo de control de longitud fija | 00571nam a2200169 4500 |
| 001 - NÚMERO DE CONTROL | |
| campo de control | 143128 |
| 003 - IDENTIFICADOR DE NÚMERO DE CONTROL | |
| campo de control | ES-MaACL |
| 005 - FECHA Y HORA DE LA ÚLTIMA TRANSACCIÓN | |
| campo de control | 20230906200731.0 |
| 007 - CAMPO FIJO DE DESCRIPCIÓN FÍSICA--INFORMACIÓN GENERAL | |
| campo de control de longitud fija | t| |
| 008 - DATOS DE LONGITUD FIJA--INFORMACIÓN GENERAL | |
| campo de control de longitud fija | 070214s1933 sp r ||||1| spa d |
| 111 2# - ENTRADA PRINCIPAL--NOMBRE DE CONGRESO/REUNIÓN | |
| Nombre de congreso/reunión o jurisdicción como elemento de entrada | Semana Social de España ( |
| Sede del congreso/Lugar de la reunión | Madrid ( |
| Fecha del congreso o de la firma del tratado | 1933) ( |
| Número del congreso/reunión o número de parte o sección | . 7ª) |
| 9 (RLIN) | 220857 |
| 245 13 - MENCIÓN DEL TÍTULO | |
| Título | La crisis moral, social y económica del mundo |
| Resto del título | : Semana Social de Madrid, (15-22 octubre de 1933) : programa del 7ª. curso. |
| 260 ## - PUBLICACIÓN, DISTRIBUCIÓN, ETC. | |
| Lugar de publicación, distribución, etc. | Madrid : |
| Nombre del editor, distribuidor, etc. | [s.n.], |
| Fecha de publicación, distribución, etc. | 1933 ( |
| Fabricante | Sobrinos de J. M. Minuesa) |
| 300 ## - DESCRIPCIÓN FÍSICA | |
| Extensión | 70 p. |
| 852 ## - LOCALIZACIÓN | |
| Ubicación | ES-MaACL |
| Número de control de estantería | 1780-F-15 |
| Estatus retirado | Estado de pérdida | Estado de daño | No para préstamo | Colección | Biblioteca de origen | Biblioteca actual | Ubicación en estantería | Fecha de adquisición | Fuente de adquisición | Total de préstamos | Signatura topográfica completa | Código de barras | Visto por última vez | Precio de reemplazo | Tipo de ítem Koha |
|---|---|---|---|---|---|---|---|---|---|---|---|---|---|---|---|
| Colección de folletos | Biblioteca del Ateneo de Madrid | Biblioteca del Ateneo de Madrid | Depósito folletos | 17/01/2008 | 1780-F-15 | 1148916 | 23/02/2023 | 23/02/2023 | Folleto |
